The Israelis : (Record no. 27739)

MARC details
000 -LEADER
campo de control de longitud fija 01198cam a2200325 4500
001 - NÚMERO DE CONTROL
campo de control 116177
005 - FECHA Y HORA DE LA ÚLTIMA TRANSACCIÓN
campo de control 20230410103902.0
008 - DATOS DE LONGITUD FIJA--INFORMACIÓN GENERAL
campo de control de longitud fija 710429s1972 nyu b 001 0 eng |
020 ## - NÚMERO INTERNACIONAL ESTÁNDAR DEL LIBRO
Número Internacional Estándar del Libro 0030859670
050 14 - SIGNATURA TOPOGRÁFICA DE LA BIBLIOTECA DEL CONGRESO
Número de clasificación 416 DS 126.5
Número de ítem E48i 1972
082 00 - NÚMERO DE LA CLASIFICACIÓN DECIMAL DEWEY
Número de clasificación 956.94
100 1# - ENTRADA PRINCIPAL--NOMBRE DE PERSONA
Nombre de persona Elon, Amos.
245 14 - MENCIÓN DEL TÍTULO
Título The Israelis :
Resto del título founders and sons /
Mención de responsabilidad, etc. Amos Elon.
260 ## - PUBLICACIÓN, DISTRIBUCIÓN, ETC.
Lugar de publicación, distribución, etc. New York,
Nombre del editor, distribuidor, etc. Bantam Books
Fecha de publicación, distribución, etc. 1972
300 ## - DESCRIPCIÓN FÍSICA
Extensión 469 p.
Dimensiones 24 cm.
500 ## - NOTA GENERAL
Nota general Includes index.
504 ## - NOTA DE BIBLIOGRAFÍA, ETC.
Nota de bibliografía, etc. "Notes and bibliography": p. 439-454.
505 0# - NOTA DE CONTENIDO CON FORMATO
Nota de contenido con formato pt. 1. Founders -- A parade -- A Chekhov play by Duerrenmatt -- Eastern origins -- The power of ideas -- Founding fathers -- Beggars with dreams -- Innocents at home.
505 0# - NOTA DE CONTENIDO CON FORMATO
Nota de contenido con formato pt. 2. Sons --An open wound -- Living dangerously -- Fathers and sons -- The political style -- In a small country.
650 #0 - PUNTO DE ACCESO ADICIONAL DE MATERIA--TÉRMINO DE MATERIA
Término de materia o nombre geográfico como elemento de entrada National characteristics, Israeli.
650 #4 - PUNTO DE ACCESO ADICIONAL DE MATERIA--TÉRMINO DE MATERIA
Término de materia o nombre geográfico como elemento de entrada Características nacionles, Israel.
650 #0 - PUNTO DE ACCESO ADICIONAL DE MATERIA--TÉRMINO DE MATERIA
Término de materia o nombre geográfico como elemento de entrada Zionism.
650 #0 - PUNTO DE ACCESO ADICIONAL DE MATERIA--TÉRMINO DE MATERIA
Término de materia o nombre geográfico como elemento de entrada Israelis
Subdivisión general Psychology.
650 #4 - PUNTO DE ACCESO ADICIONAL DE MATERIA--TÉRMINO DE MATERIA
Término de materia o nombre geográfico como elemento de entrada Israelis
Subdivisión general Psicología.
650 #0 - PUNTO DE ACCESO ADICIONAL DE MATERIA--TÉRMINO DE MATERIA
Término de materia o nombre geográfico como elemento de entrada Jewish-Arab relations.
650 #4 - PUNTO DE ACCESO ADICIONAL DE MATERIA--TÉRMINO DE MATERIA
Término de materia o nombre geográfico como elemento de entrada Relationes arabé-israelí.
651 #0 - PUNTO DE ACCESO ADICIONAL DE MATERIA--NOMBRE GEOGRÁFICO
Nombre geográfico Israel
Subdivisión general Politics and government.
942 ## - ELEMENTOS DE ENTRADA SECUNDARIOS (KOHA)
Fuente del sistema de clasificación o colocación Clasificación de Library of Congress
Tipo de ítem Koha
946 ## - PROCESAMIENTO DE INFORMACIÓN LOCAL (OCLC)
a rsfv
Holdings
Estatus retirado Estado de pérdida Fuente del sistema de clasificación o colocación Estado de daño No para préstamo Colección Biblioteca de origen Biblioteca actual Ubicación en estantería Fecha de adquisición Serial enumeration / chronology Signatura topográfica completa Código de barras Visto por última vez Copia número Tipo de ítem Koha
    Clasificación de Library of Congress     Recursos Regionales Biblioteca Juan Bosch Biblioteca Juan Bosch Recursos Regionales (2do. Piso) 10/04/2023 1 416 DS 126.5 E48i 1972 00000109112 23/10/2018 1